000 00524nam a2200193Ia 4500
001 57754
008 140624n ii |||gr||||Z||||||465
020 _a9789381139134
082 _a954.162
245 0 _aJamidarkalin Gowalpara Jilar Artha Samajik Awastha
_cAmalundu Guha
_hTextual Documents
250 _aIst--1984.
260 _aGauhati
_bBhabani offset PvT Ltd
300 _a107pg:
_c23cm.
653 _aHistory
653 _aHistory Literature
653 _aG-History
700 _aGuha,Amalundu.
942 _2ddc
_cBK
999 _c57658
_d57658